Normal view
MARC view
- DINERSTEIN, H. S
Entry Personal Name
001 - CONTROL NUMBER
- control field: 60325
003 - CONTROL NUMBER IDENTIFIER
- control field: NUST
005 - DATE AND TIME OF LATEST TRANSACTION
- control field: 20210628202525.0
008 - FIXED-LENGTH DATA ELEMENTS
- fixed length control field: 210628|| aca||aabn | a|a d
040 ## - CATALOGING SOURCE
- Original cataloging agency: NUST
- Transcribing agency: NUST
100 ## - HEADING--PERSONAL NAME
- Personal name: DINERSTEIN, H. S
670 ## - SOURCE DATA FOUND
- Source citation: Work cat.: (NUST): DINERSTEIN, H. S, WAR AND THE SOVIET UNION NUCLEAR WEAPONS AND THE REVOLUTION IN SOVIET MILITARY AND POLITICAL THINKING, 1959
